Growth and development an economic analysis

Bibliographic Details
Main Author: Hall, Peter
Format: Book
Published: Oxford : Martin Robertson , 1983
Subjects:

MARC

LEADER 00000cam a2200000 7i4500
001 0000002043
005 20030124.0
020 |a 0855206268 
040 |a INS 
090 0 0 |a HD82   |b H34 1983 
100 1 |a Hall, Peter 
245 1 0 |a Growth and development an economic analysis   |c Peter Hall 
260 |a Oxford :   |b Martin Robertson ,   |c 1983 
300 |a xi, 337p, stat ;   |c 24 cm. 
650 0 0 |a Economic development 
999 |a 0000000475   |b BOOK   |c Open Shelf   |e Default branch